Statistiques concernant Rappeurs français avec un titre (version masterclass) 3

Cliquez ici pour prendre le quiz!

Statistiques générales

  • Ce quiz a été pris 254 fois
  • Le résultat moyen est 7 sur 15

Statistiques - réponses

TitreRappeur% Correct
ZooKaaris
90%
Dieu ne ment jamaisDamso
84%
10 12 14 bureauKalash Criminel
81%
Train de vieKoba LaD
80%
VitrineVald
64%
Hors ligneFreeze corleone
60%
Gustavo GaviriaLacrim
40%
DaddySDM
40%
TerrasserGradur
39%
Garde la pêcheBooba
35%
#BaWéMonAmiNiro
19%
KobeFresh
13%
VVSLuther
7%
La ruée vers l'orDA uzi
6%
Ben LadenLa Fouine
6%

Distribution des résultats

Percentile par nombre de réponses

% des personnes avec chaque résultat

Votre développement - résultats

Vous n’avez pas pris ce quiz